Stars in their eyes (Celebrities) - Statistics

General Stats
  • This quiz has been taken 226 times
  • The average score is 5 of 15
Answer Stats
Picture Answer % Correct
Ryan Gosling
84%
Ryan Reynolds
82%
Anne Hathaway
68%
Scarlett Johansson
52%
Penelope Cruz
46%
Angelina Jolie
45%
Harrison Ford
45%
Catherine Zeta-Jones
19%
Jason Segel
17%
Javier Bardem
17%
Vincent Cassel
15%
Wesley Snipes
12%
Casey Affleck
9%
Joel Edgerton
5%
Carey Mulligan
3%
No matching quizzes found
Score Distribution
Percent of People with Each Score
Percentile by Number Answered
Your Score History
You have not taken this quiz